000
00280nam a2200109Ia 4500
008
200302s9999 xx 000 0 und d
100
_a
P. Bhatt
245
_a
Programming the Matrix Analysis of skeletal Structures
260
_b
Ellis Horwood Ltd.
260
_c
1986
300
_a
295 P.,
999
_c
957
_d
957